000 00499nam a2200169Ia 4500
008 240729s9999 xx 000 0 und d
022 _a2056-9890
245 0 _aActa Crystallographica Section E: Crystallographic Communications
260 _aUnited Kingdom
260 _bInternational Union of Crystallography
650 _a Chemistry
650 _a Crystallography
650 _aScience
856 _uhttps://doaj.org/toc/bec4319189d44c9a83790dda82450c59
942 _2ddc
942 _cDOAJEJ
999 _c68627
_d68627
945 _a1
_bMadushi Gamage
_c1
_dMadushi Gamage